| 000 | 00000nam##2200000za#4500 |
| 001 | 9.575788 |
| 003 | CaOODSP |
| 005 | 20210624184829 |
| 007 | cr ||||||||||| |
| 008 | 150406|2004||||xxc|||||o f|0| 0 eng|d |
| 040 | |aCaOODSP|beng |
| 043 | |an-cn--- |
| 086 | 1 |aTU3-6/04-27E-PDF |
| 110 | 2 |aTransportation Safety Board of Canada. |
| 245 | 10|aMain-track derailment - Canadian Pacific Railway Freight Train 575-03 Mile 86.9, Red Deer Subdivision Red Deer, Alberta, 04 March 2004 |h[electronic resource] |
| 260 | |aOttawa - Ontario : |bTransportation Safety Board of Canada |c[2004]. |
| 300 | |a14p.|bfig. |
| 490 | 1 |aRailway investigation report |vR04E0027 |
| 590 | |a13-08-Supp|b2013-04-02 |
| 775 | 08|tDéraillement en voie principale du train de marchandises numéro 575-03 exploité par le Chemin de fer Canadien Pacifique au point milliaire 86,9 de la subdivision Red Deer à Red Deer (Alberta), le 4 mars 2004 |w(CaOODSP)9.605213 |
| 830 | #0|aRailway investigation report ;|vR04E0027|w(CaOODSP)9.504849 |
| 856 | 40|ahttp://publications.gc.ca|qPDF|s431 KB|uhttps://publications.gc.ca/collections/collection_2013/bst-tsb/TU3-6-04-27-eng.pdf|yR04E0027 |